000 00760aam a2200289 i 4500
001 768714001
003 CO-MdFUSB
005 20250522155724.0
007 ta
008 250522t1976 -us |||| |||| 00| 0 eng d
040 _cCO-MdFUSB
041 0 _aeng
082 0 4 _223
_a248.4
_bL6731s
100 1 _aLewis, C. S. (Clive Staples) (1898-1963)
_eautor
245 1 0 _aThe screwtape letters
_c/ C. S. Lewis
264 1 _bSpire,
_aEstados Unidos :
_c[1976]
264 4 _c©1976
300 _a171 páginas
336 _atexto
_btxt
_2rdacontent
337 _2rdamedia
_asin mediación
_bn
338 _2rdacarrier
_avolumen
_bnc
563 _aRústico
653 _aCristianismo Siglo XX
942 _cBK
945 _aJTF-925
999 _c38410
_d38410